000 00634nam a22002057a 4500
003 UA-OsUOA
001 53797
007 ta
008 20151126b un ||||| |||| 00| 0 ukr d
090 _a050
_bУ45
942 _cNP
040 _aUA-OsUOA
_bukr
_cUA-OsUOA
_dUA-OsUOA
245 _aУкраїнський голос
_b2015: № 05-06, 15-16
955 _a4
041 _aukr
080 _a050
260 _aВінніпег
650 7 _a050 Серійні публікації. Періодика галузі, Організація та інші типи поєднання (співробітництва)
_2UDC
999 _c433925
_d433925